000 00851cam a2200277 i 4500
001 16882
003 BD-RjUL
005 20211209000049.0
008 140215s1954 enk b 001 0 eng
020 _a0416707505
035 _a(BD-RjUL)16937
040 _aDLC
_cDLC
_dDLC
_beng
041 _aeng
082 0 0 _a822.91209
_bELI 1954
100 2 _aEllis-Fermor, Una Mary,
_d1894-1958.
_952116
245 1 4 _aThe Irish dramatic movement /
_cUna Ellis-Fermor.
250 _a2d ed.
260 _aLondon :
_bMethuen ;
_aTotowa, N.J. :
_bRowman and Littlefield,
_c1954.
300 _axiv, 240 p. ;
_c23 cm.
504 _aIncludes bibliographies and index.
650 0 _aEnglish drama
_xIrish authors
_xHistory and criticism.
_950760
651 0 _aIreland
_xIn literature.
_952117
942 _2ddc
_cBK
999 _c16882
_d16882